Southville International School and Colleges
Your cart is empty.
  • Cart
  • Lists
    Public lists Eva Luna New books Lux_list list_1
    Your lists Log in to create your own lists
  • Log in to your account
  • Your cookies
  • Search history
Southville International School and Colleges
  • Advanced search
  • Recent comments
  • Most popular
  • Libraries

Log in to your account

Log in with GOOGLE


If you do not have an external account, but do have a local account, you can still log in:

  1. Home
  2. MARC view: Exposes :
Normal view MARC view ISBD view

Exposes : (Record no. 117725)

[ view plain ]
MARC details
000 -LEADER
fixed length control field 00602nam a2200193Ia 4500
008 - FIXED-LENGTH DATA ELEMENTS--GENERAL INFORMATION
fixed length control field 140529s9999 xx 000 0 und d
020 ## - INTERNATIONAL STANDARD BOOK NUMBER
International Standard Book Number 9789712724428
050 ## - LIBRARY OF CONGRESS CALL NUMBER
Classification number JQ 1409.5.C6
Item number .B64 2012
100 ## - MAIN ENTRY--PERSONAL NAME
Personal name Bondoc, Jarius.
245 ## - TITLE STATEMENT
Title Exposes :
Remainder of title investigative reporting for cleangovernment /
Statement of responsibility, etc Jarius Bondoc
260 ## - PUBLICATION, DISTRIBUTION, ETC. (IMPRINT)
Place of publication, distribution, etc Pasig City, Philippines :
Name of publisher, distributor, etc Anvil,
Date of publication, distribution, etc c2012.
300 ## - PHYSICAL DESCRIPTION
Extent 237 p. ;
Dimensions 23 cm.
500 ## - GENERAL NOTE
General note Includes index.
521 ## - TARGET AUDIENCE NOTE
Target audience note
650 ## - SUBJECT ADDED ENTRY--TOPICAL TERM
Topical term or geographic name as entry element Misconduct in office
General subdivision Philippines.
650 ## - SUBJECT ADDED ENTRY--TOPICAL TERM
Topical term or geographic name as entry element Philippines
General subdivision Politics and government.
942 ## - ADDED ENTRY ELEMENTS (KOHA)
Call number prefix Local
Koha item type Books
Holdings
Withdrawn status Lost status Source of classification or shelving scheme Damaged status Home library Current library Shelving location Date acquired Source of acquisition Cost, normal purchase price Total Checkouts Full call number Barcode Date last seen Price effective from Koha item type
    Library of Congress Classification   College Library College Library Filipiniana Section 05/30/2014 Donation 500.00   JQ 1409.5.C6 .B64 2012 C16796 05/08/2018 05/30/2014 Books

Exposes :

APA

Bondoc J., . (2012). Exposes. Pasig City, Philippines: Anvil.

Chicago

Bondoc Jarius, . 2012. Exposes. Pasig City, Philippines: Anvil.

Harvard

Bondoc J., . (2012). Exposes. Pasig City, Philippines: Anvil.

MLA

Bondoc Jarius, . Exposes. Pasig City, Philippines: Anvil. 2012.

  • Place hold
  • Print
  • Cite
  • Add to your cart (remove)
  • Save record
    BIBTEX Dublin Core MARCXML MARC (non-Unicode/MARC-8) MARC (Unicode/UTF-8) MARC (Unicode/UTF-8, Standard) MODS (XML) RIS
  • More searches
    Search for this title in:
    Other Libraries (WorldCat) Other Databases (Google Scholar) Online Stores (Bookfinder.com) Open Library (openlibrary.org)

Exporting to Dublin Core...

SOUTHVILLE LIBRARY

Southville International School and Colleges Library

1281 Tropical Ave. Cor. Luxembourg St., BF Homes International, Las Pinas City

Tel. No. 8256374 / 252358 Loc. 117/146

Powered by Koha